| 000 | 01340nam0a2200313 4500 | ||
|---|---|---|---|
| 001 | RU\NLR\bibl\902959 | ||
| 005 | 20250614180706.0 | ||
| 010 |
_a5-86722-539-9 _9500 |
||
| 035 | _a(NLR Aleph) 000891386 | ||
| 090 |
_a1720588 _c1720588 |
||
| 100 | _a20060202d2005 |||y0rusy50 ca | ||
| 101 | 0 | _arus | |
| 102 | _aRU | ||
| 105 | _ay dm ||||| | ||
| 200 | 1 |
_aНазначение наказания несовершеннолетним при множественности преступлений _fР.В. Беспалов |
|
| 210 |
_aСтаврополь _cБюро новостей _d2005 |
||
| 215 |
_a167 с. _d20 |
||
| 320 | _aБиблиогр.: с. 147-159 (164 назв.) и в подстроч. примеч. | ||
| 606 | 1 |
_aНаказание в уголовном праве _xНазначение _yРоссийская Федерация _92172757 _3RU\NLR\auth\661306910 |
|
| 606 | 1 |
_aНесовершеннолетние _xПреступления _xНаказание _yРоссийская Федерация _92357951 _3RU\NLR\auth\661408289 |
|
| 686 | _aХ628.103 | ||
| 686 | _aХ628.322 | ||
| 700 | 1 |
_aБеспалов _bР. В. _gРоман Викторович _4070 |
|
| 801 | 0 |
_aRU _bNLR _c20060202 _grcr |
|
| 801 | 1 |
_aRU _bNLR _c20060202 |
|
| 830 | _aавт. по кн. | ||
| 942 | _cBOOK | ||
| 980 | _aNB | ||